00545nam a2200145 a 450000100100000000500170001000800410002702000180006804000250008624500730011126000690018430000240025395201050027799900170038200004048920201002034150.0130826s2011 dr a 000 0 spa d a9789945164428 aDO-SdBNPbspacBNPHU00aNormas básicas de control interno del sector público dominicano. aSanto Domingo :bContraloría General de la República,c2011. a29 p. :bil. ;c27. 0010718PDaPDbPDcCTd2013-08-26iLF1l0o p40489-10r2020-06-25w2020-06-25yLFPDZNo se presta c39979d39979